Rural industrial development.

Uloženo v:
Podrobná bibliografie
Hlavní autor: Sundram, J. D.
Médium: Kniha
Jazyk:English
Vydáno: Bombay : Vora, [1970].
Témata:
LEADER 00747nam a2200217 i 4500
001 c000247460
003 CARM
005 00000000000000.0
008 840311s1970 ii 0 eng d
019 1 |a 211250  |5 LACONCORD2021 
035 |a (OCoLC)126671  |5 LACONCORD2021 
082 0 4 |a 338.630954 
100 1 |a Sundram, J. D. 
245 1 0 |a Rural industrial development. 
260 |a Bombay :  |b Vora,  |c [1970]. 
300 |a 181 p. 
650 0 |a Cottage industries  |z India. 
650 0 |a Agricultural industries  |z India. 
852 8 |b CARM  |h A2:AR19A0  |i B07113  |p 0366617  |f BK 
999 f f |i fa624800-de65-5584-9ed6-e2a3448334d9  |s 32b4a419-d8bf-5ad1-9403-59a96bfb219c 
952 f f |p Can circulate  |a CAVAL  |b CAVAL  |c CAVAL  |d CARM 1 Store  |e B07113  |f A2:AR19A0  |h Other scheme  |i book  |m 0366617